Partition, Indo-Pak relations and Kashmir / (Record no. 145322)

MARC details
000 -LEADER
fixed length control field 00840nam a22002177a 4500
005 - DATE AND TIME OF LATEST TRANSACTION
control field 20230706122926.0
010 ## - LCCN (DPL NO)
LC control number 1718EN-30 B-682124-128 ENG-137305
020 ## - INTERNATIONAL STANDARD BOOK NUMBER
International Standard Book Number 9789382711766
Terms of availability 495.00
035 ## - SYSTEM CONTROL NUMBER
System control number B-682124-128 EN-120837
037 ## - SOURCE OF ACQUISITION
Source of stock number/acquisition Pragati
Stock number dpl
037 ## - SOURCE OF ACQUISITION
Source of stock number/acquisition DBAD/PUB
082 ## - DEWEY DECIMAL CLASSIFICATION NUMBER
Classification number 327.540547
100 ## - MAIN ENTRY--PERSONAL NAME
Personal name Puniyani, Ram
245 ## - TITLE STATEMENT
Title Partition, Indo-Pak relations and Kashmir /
Statement of responsibility, etc by Ram Puniyani
260 ## - PUBLICATION, DISTRIBUTION, ETC. (IMPRINT)
Place of publication, distribution, etc New Delhi
Name of publisher, distributor, etc Vitasta Pub.
Date of publication, distribution, etc 2017
270 ## - ADDRESS
Address 2/15, Ansari Road, Daryaganj,
City New Delhi
Postal code 110002
300 ## - PHYSICAL DESCRIPTION
Extent 182p.
Dimensions 23cm(Hb)
500 ## - GENERAL NOTE
General note Includes bibliographical and reference
942 ## - ADDED ENTRY ELEMENTS (KOHA)
Source of classification or shelving scheme Dewey Decimal Classification
Item type English Books
Call number suffix PUN
Classification part 327.540547
Holdings
Withdrawn status Lost status Not for loan Collection code Home library Current library Date acquired Source of acquisition Cost, normal purchase price Full call number Barcode Copy number Cost, replacement price Koha item type
      Non-fiction Ashok Vihar Ashok Vihar 11/05/2018 Pragati/142/27.11.2017/672/20.11.2017/28.11.2017 495.00 327.540547 PUN B-682125 1 495.00 English Books
      Non-fiction Bawana Bawana 06/07/2023 DBAD/PUB 495.00 327.540547 PUN EN-120837 1 495.00 English Books
      Non-fiction Central Library Central Library 11/05/2018 Pragati/142/27.11.2017/672/20.11.2017/28.11.2017 495.00 327.540547 PUN B-682124 1 495.00 English Books
    Not For Loan Non-fiction D.B.Act.Division D.B.Act.Division 07/12/2017 dbad/pub 495.00 327.540547 PUN EN-105319 1 495.00 English Books
      Non-fiction Janak Puri Janak Puri 11/05/2018 Pragati/142/27.11.2017/672/20.11.2017/28.11.2017 495.00 327.540547 PUN B-682127 1 495.00 English Books
      Non-fiction Patel Nagar Patel Nagar 11/05/2018 Pragati/142/27.11.2017/672/20.11.2017/28.11.2017 495.00 327.540547 PUN B-682126 1 495.00 English Books
      Non-fiction Sarojini Nagar Sarojini Nagar 11/05/2018 Pragati/142/27.11.2017/672/20.11.2017/28.11.2017 495.00 327.540547 PUN B-682128 1 495.00 English Books

© Delhi Public Library
Hit Counter
free hit counter